000 01314nam a2200325 i 4500
003 EG-GICUC
005 20260121101436.0
008 251206t2008 ua do||fr|||| 000 0 ara d
017 _a2008/15923
040 _a EG-GICUC
_bara
_c EG-GICUC
_d EG-GICUC
_erda
041 0 _aara
082 0 4 _221
_a343.46
_bم ص . ت
092 0 4 _221
099 _aLaw1 10 343.46 م ص . ت [2008]
100 0 _aمصطفي محمد موسي.
_eمؤلف.
245 1 2 _aالتحقيق الجنائي في الجرائم الإلكترونية /
_cمصطفي محمد موسي.
250 _aالطبعة الأولي.
264 1 _aالقاهرة :
_bمطابع الشرطة للنشر والتوزيع,
_c[2008].
300 _a706 صفحة، صفحات غير مرقمة :
_bجداول، صور فوتوغرافية، رسوم بيانية ؛
_c24 سم.
336 _2rda content
_atext
337 _2rda media
_aComputer
338 _2rda carrier
_aOnline Resource
504 _aيشتمل على إرجاعات ببليوجرافية.
546 _aالنص باللغة العربية
650 1 _aالتشريعات المتعلقة بتقنية المعلومات
_2qrmak
651 1 _2qrmak
856 4 0 _uhttps://fll.law.cu.edu.eg/fulltext/bks/B10-06728.pdf
905 _a62
_eYara
942 _2ddc
_n0
_cBK
_e21
999 _c48744
_d48744